000 003420000a22001450004500
005 20120302064837.0
942 _cBOOK
100 _a Shree Harsha
245 _a Naishadheeya Charitam
260 _aMumbai: Panduranga JAvji ,1933
300 _a925 p.+ 24 p.
040 _aSan
365 _bRs. 14 /-
650 _aNaishadhiya / Naishadheeya
999 _c363222
_d363219